000 00681nam a2200193Ia 4500
999 _c9336
_d9336
020 _a9780198789871
082 _a341.37
_bBOW-N
100 _aBower, Adam
245 0 _aNorms without the great powers
_b: international law and changing social standards in world politics
260 _aOxford
_bOxford University Press
_c2017
300 _axxii, 288p
504 _aincludes conclusion , appendices, bibliography and index
650 _aInternational law
_vPolitics
650 _aInternational relation
_vGlobal governance
650 _aInternational criminal court
_zRome
650 _aMultilateralism
_zUnited States
650 _aWorld politics
_vgreat powers
942 _cBK
_2ddc